• 首页
  • 本馆介绍
  • 公告通知
  • 最新文献
  • 馆藏检索
  • 电子资源
  • 读者导购
  • 参考咨询
  • 我的图书馆
  • 登录
  • 详细信息显示
  • 放入我的书架
  • 预约/预借图书
  • 作者相关作品
  • 分类相关作品
  • 丛书相关作品
  • 出版社相关作品

书目信息

  • 表格格式
  • 工作单格式
  • 卡片格式
题名:
我们人类的基因
    
 
作者: 卢瑟福 著 ;严匡正 , 庄晨晨 译
分册:  
出版信息: 北京   中信出版集团股份有限公司  2017
页数: 18,328页
开本: 21cm
丛书名:
单 册:
中图分类: Q981.1 , Q987
科图分类:
主题词: 人类起源--研究 , 人类基因--研究
电子资源:
ISBN: 978-7-5086-7854-2
000 01365nam0 2200337 450
001 012001004490
005 20140928162349.0
010    @a978-7-5086-7854-2@dCNY38.00
100    @a20171018d2017 em y0chiy50 ea
101 1  @achi@ceng
102    @aCN@b110000
105    @aa z 000yy
106    @ar
200 1  @a我们人类的基因@9wo men ren lei de ji yin@dA brief history of everyone who ever lived@e全人类的历史与未来@f(英)亚当·卢瑟福(Adam Rutherford)著@g严匡正, 庄晨晨译@zeng
210    @a北京@c中信出版集团股份有限公司@d2017
215    @a18,328页@c图@d21cm
300    @a边际新知 010
306    @a本书限中国大陆发行
312    @a版权页英文题名:A brief history of everyone who ever lived: the stories in our genes
330    @a本书从基因科学的角度讲述了人类起源以及进化发展的历史,通过分析我们的基因组中携带了种族的“历史信息”,追溯人类的祖先以其进化过程中的经历。
510 1  @aBrief history of everyone who ever lived: the stories in our genes@zeng
517 1  @a全人类的历史与未来@9quan ren lei de li shi yu wei lai
606 0  @a人类起源@x研究
606 0  @a人类基因@x研究
690    @aQ981.1@v5
690    @aQ987@v5
701  1 @c(英)@a卢瑟福@9lu se fu@g(Rutherford, Adam)@4著
702  0 @a严匡正@9yan kuang zheng@4译
702  0 @a庄晨晨@9zhuang chen chen@4译
801  0 @aCN@b上海新华@c20180901
905    @b1170733-7@dQ981.1@e63@f5
    
    我们人类的基因=A brief history of everyone who ever lived:全人类的历史与未来/(英)亚当·卢瑟福(Adam Rutherford)著/严匡正, 庄晨晨译.-北京:中信出版集团股份有限公司,2017
    18,328页:图;21cm
    边际新知 010
    
    ISBN 978-7-5086-7854-2:CNY38.00
    本书从基因科学的角度讲述了人类起源以及进化发展的历史,通过分析我们的基因组中携带了种族的“历史信息”,追溯人类的祖先以其进化过程中的经历。
●
相关链接 在E读中查询图书 在五车中查询图书 在当当中查询图书 在豆瓣中查询图书


正题名:我们人类的基因     索取号:Q981.1/63         预约/预借

序号 登录号 条形码 馆藏地/架位号 状态 备注
1 1170733   211707330   第二样本阅览室/ [索取号:Q981.1/63] 在馆    
2 1170734   211707349   第三借阅区/ [索取号:Q981.1/63] 在馆    
3 1170735   211707358   第三借阅区/ [索取号:Q981.1/63] 在馆    
4 1170736   211707367   第三借阅区/ [索取号:Q981.1/63] 在馆    
5 1170737   211707376   第三借阅区/ [索取号:Q981.1/63] 在馆    
唐山师范学院图书馆 欢迎您!
大连网信软件有限公司© 版权所有